000 00632nam a22001577a 4500
003 OSt
005 20151112140420.0
008 151112b xxu||||| |||| 00| 0 eng d
040 _cRUA
082 _aFOR SIM 2005 B132 Or.1
100 _93603
_aSIM, SOMENG.
245 _aResearch on using of medical plant's market in phnom penh town, ការស្រាវជាវលើការប្រើប្រាស់រុក្ខជាតិឱសថនៅលើទៅផ្សារក្នុងរាជធានីភ្នំពេញ
260 _aPhnom Penh
_bRUA
_c2005
300 _aix; 55p.
_b[ill.
_c29cm.
942 _2ddc
_cFOR
999 _c3354
_d3354